00420nam a22001697a 4500006001900000007000300019008004100022010001300063020001000076035001300086037001300099082000800112245003000120260003000150270004200180300002800222a|||||f|||| 00| 0 tc180713b xxu|||||f|||| 00| 0 eng d aB-406411 c05.00 aB-406411 bA.I.C.B. a340 aUnconvention on the Right aNew DelhibA.I.C.B.cN.D. aSector-5, Rohini, bNew Delhie110085 avarious pagesc30cm(HB)